| 000 | 00591nam a2200181Ia 4500 | ||
|---|---|---|---|
| 003 | GCL | ||
| 005 | 20240530105302.0 | ||
| 008 | 140319s9999 xx 000 0 ara d | ||
| 040 |
_aGCL / _cGCL |
||
| 082 | 0 | 4 |
_a342.023 _bس ن |
| 100 | 1 | _aسامى حامد سليمان | |
| 245 | 1 | 0 |
_aنظرية الخطا الشخصى فى مجال المسئولية الادارية / _cسامى حامد سليمان |
| 260 |
_a[S.N] : _bمكتبة النهضة المصرية ، _c1988 |
||
| 300 | _a551 | ||
| 650 | 0 | 4 | _aالقانون |
| 650 | 0 | 4 | _aالقانون الادارى |
| 942 |
_2ddc _cBK |
||
| 999 |
_c54607 _d54607 |
||